Statistiques concernant Pays du monde de Tintin (par image)

Cliquez ici pour prendre le quiz!

Statistiques générales

  • Ce quiz a été pris 748 fois
  • Le résultat moyen est 10 sur 16

Statistiques - réponses

Réponse% Correct
La France
97%
L'Égypte
96%
La Chine
94%
Les États-Unis d'Amérique
94%
Les Indes
92%
Le Congo
85%
Le Pérou
83%
Le Royaume-Uni
77%
Le Népal
63%
La Suisse
44%
La Syldavie
40%
L'Islande
37%
La Bordurie
32%
Le San Theodoros
25%
Le Khemed
14%
Le Nuevo Rico
8%

Distribution des résultats

Percentile par nombre de réponses

% des personnes avec chaque résultat

Votre développement - résultats

Vous n’avez pas pris ce quiz